| 000 | 00531cam a2200217ua 4500 | ||
|---|---|---|---|
| 001 | 8938 | ||
| 005 | 20260515114415.0 | ||
| 008 | 150218n ii |||gr||||Z||||||asm | ||
| 020 | _a8173394148 | ||
| 040 | _cMAIN | ||
| 041 | _aasm | ||
| 082 | _a891.4513 | ||
| 100 |
_aSarma, U., _eAuthor. |
||
| 245 | 1 |
_a Bharanda pakshir jak _cBy Umakanta Sarma |
|
| 250 | _a1st. | ||
| 260 |
_aDibrugarh: _bBanalata, _c2006. |
||
| 300 | _a104p. | ||
| 653 | _aEast Indo-European & Celtic literatures | ||
| 653 | _aAssamese novels | ||
| 942 | _cBK | ||
| 999 |
_c8025 _d8025 |
||